保定市知识测验 文化经济部分 Baoding city quiz #2 - Statistics

General Stats
  • This quiz has been taken 15 times
    13 since last reset
  • The average score is 12 of 20
Answer Stats
问题 答案 % Correct
保定徐水区发祥的著名圆形烧饼小吃 驴肉火烧
92%
上述文物主人在汉末最知名的后裔 刘备
83%
雄安新区的“雄”指的是保定的该辖县 雄县
83%
雄安新区的“安”指的是保定的该辖县 安新县
83%
保定市唯一的国家一级博物馆位于哪个县级行政区 定州市
75%
上述的县级行政区在北宋时期有著名的宫廷瓷窑,主产白瓷 定窑
75%
上述人物的著名同僚,出身涿州 张飞
67%
清代驻地保定的高级衙署旧址景区 直隶总督署
67%
出身保定的b站知名手工区up主 手工耿
67%
河北博物院著名的长信宫灯出自哪个考古遗址 满城汉墓(中山靖王墓)
58%
该遗址中还出土了哪件中国首批禁止出国(境)展览文物(现收藏于河北博物院) 刘胜金缕玉衣
58%
保定下辖自称“千年药都”的县级行政区,是北方重要的中药材集散地 安国市
58%
卢氏在汉到隋唐间有一个著名的郡望在今涿州市,时称 范阳卢氏
50%
该卢氏郡望的始祖是涿郡出身的东汉末年的名臣 卢植
50%
1912-1923年保定军校的全称是 (保定){陆军军官}学校
50%
总部位于保定的知名汽车品牌 长城汽车
50%
津保铁路西端终点,接入京广铁路的客运车站是 徐水站
50%
高碑店市白沟镇支柱性的制造/外贸产品是 箱包
33%
保定特色的民间工艺品,手部健身器材 保定铁球
25%
顺平县/高碑店市在1993年前分别曾名(写出其一即可) 完县/新城县
25%
No matching quizzes found
Score Distribution
Percent of People with Each Score
Percentile by Number Answered
Your Score History
You have not taken this quiz since the last reset